10 krajów o największej liczbie zgonów Covid19 - 22 kwietnia - Statystyki

Ogólne statystyki
  • Ten quiz został rozwiązany 76 razy
  • Średni wynik to 8 z 13
Statystyki odpowiedzi
kraj % Poprawnych
Chiny
97%
Stany Zjednoczone
93%
Hiszpania
90%
Niemcy
89%
Włochy
80%
Francja
79%
Wielka Brytania
71%
Belgia
47%
Holandia
41%
Iran
34%
Szwecja
26%
Szwajcaria
16%
Irlandia
14%
Nie znaleziono quizów pasujących do podanych kryteriów
Rozkład punktacji
Procent ludzi z każdym wynikiem
Percentyl według liczby udzielonych odpowiedzi
Twoja historia wyników
Nie rozwiązałeś tego quizu